00655nam a2200217Ia 4500008004100000041001200041082001000053082001100063100001800074100001100092245005900103260001400162260001900176260000900195300001500204365002500219650003100244942000700275999001900282952013600301150901s9999 xx 000 0 und d aEnglish a302.2 bQUR/IN aQuraish M A  eAuthor aIndian agriculture and rural development: then and now aNew Delhi bB R Publishers c1985 a276 Pages aRs .8.28  aAgricultural productivity cBK c238260d238260 00104070aKAUCOAbKAUCOAd2022-03-03g8.28l1o302.2 QUR/INpKAU-COA-22467 r2020-02-19 00:00:00s2019-10-18w2015-09-16yBK